Cricket World Cup Winning Captains - Statistics

General Stats
  • This quiz has been taken 189 times
  • The average score is 9 of 10
Answer Stats
Year Country Captain % Correct
2011 India MS Dhoni
95%
2003 Australia Ricky Ponting
95%
1992 Pakistan Imran Khan
93%
1983 India Kapil Dev
92%
2019 England Eion Morgan
89%
2015 Australia Michael Clarke
86%
1975 West Indies Clive Lloyd
81%
1999 Australia Steve Waugh
81%
1987 Australia Allan Border
76%
1996 Sri Lanka Arjuna Ranatunga
69%
No matching quizzes found
Score Distribution
Percent of People with Each Score
Percentile by Number Answered
Your Score History
You have not taken this quiz